Normal view
MARC view
- الدراسة-تعليم
Entry Topical Term
001 - CONTROL NUMBER
- control field: 35684
003 - CONTROL NUMBER IDENTIFIER
- control field: JO-AjAnu
005 - DATE AND TIME OF LATEST TRANSACTION
- control field: 20230606075950.0
008 - FIXED-LENGTH DATA ELEMENTS
- fixed length control field: 230606|| aca||aabn | a|a d
040 ## - CATALOGING SOURCE
- Original cataloging agency: JO-AjAnu
- Transcribing agency: JO-AjAnu
150 ## - HEADING--TOPICAL TERM
- Topical term or geographic name entry element: الدراسة-تعليم
670 ## - SOURCE DATA FOUND
- Source citation: Work cat.: (JO-AjAnu)18323: مورقان، كليفورد ت مؤلف/ديز، جيمس م.مشارك/جميل، فؤاد مترجم/حوراني، يوسف مراجع, author 35683, فن الدراسة